Catálogo
 En Linea

Nuestra América : (Registro nro. 6104)

Detalles MARC
000 -CABECERA
campo de control de longitud fija 00770cam a2200205 a 4500
001 - NÚMERO DE CONTROL
campo de control 000006309
005 - FECHA Y HORA DE LA ÚLTIMA TRANSACCIÓN
campo de control 20200929153919.0
008 - DATOS DE LONGITUD FIJA--INFORMACIÓN GENERAL
campo de control de longitud fija 801105s1968 pr a 000 0 spa d
040 ## - FUENTE DE LA CATALOGACIÓN
Centro catalogador/agencia de origen DO-SdBNP
Lengua de catalogación spa
Centro/agencia transcriptor BNPHU
082 ## - NÚMERO DE LA CLASIFICACIÓN DECIMAL DEWEY
Número de clasificación H860.8
Número de documento/Ítem F933n
100 1# - ENTRADA PRINCIPAL--NOMBRE DE PERSONA
Nombre de persona Frondizi, Josefina B. de.
9 (RLIN) 17600
245 10 - MENCIÓN DE TÍTULO
Título Nuestra América :
Resto del título antología de literatura hispanoamericana /
Mención de responsabilidad, etc. Josefina B. de Frondizi.
260 ## - PUBLICACIÓN, DISTRIBUCIÓN, ETC.
Lugar de publicación, distribución, etc. San Juan, Puerto Rico :
Nombre del editor, distribuidor, etc. Departamento de Instrucción Pública,
Fecha de publicación, distribución, etc. 1968.
300 ## - DESCRIPCIÓN FÍSICA
Extensión xi, 207 p. :
Otras características físicas il. ;
Dimensiones 25 cm.
490 1# - MENCIÓN DE SERIE
Mención de serie Departamento de Instrucción Pública
490 1# - MENCIÓN DE SERIE
Mención de serie Serie 4
Designación de volumen o secuencia 82
650 #4 - PUNTO DE ACCESO ADICIONAL DE MATERIA--TÉRMINO DE MATERIA
Término de materia o nombre geográfico como elemento de entrada Literatuara hispanoamericana
9 (RLIN) 17601
650 #4 - PUNTO DE ACCESO ADICIONAL DE MATERIA--TÉRMINO DE MATERIA
Término de materia o nombre geográfico como elemento de entrada Literatura latinoamericana
9 (RLIN) 4717
830 #0 - PUNTO DE ACCESO ADICIONAL DE SERIE-TÍTULO UNIFORME
Título uniforme Departamento de Instrucción Pública ;
Nombre de parte o sección de la obra Serie 4,
Designación de volumen o secuencia 82
9 (RLIN) 17602
Existencias
Estado de retiro Estado de pérdida Restricciones de uso No para préstamo Código de colección Localización permanente Ubicación/localización actual Ubicación en estantería Fecha de adquisición Número de inventario Total de préstamos Signatura topográfica completa Código de barras Fecha visto por última vez Precio válido a partir de Tipo de ítem Koha Número de copia
    Préstamo interno   Monografías: Libros y Folletos General General Depósito 27.08.2009 LF1   H860.8 F933n 6309-10 25.06.2020 25.06.2020 Préstamo interno  
    Préstamo restringido Préstamo restrigido Monografías: Libros y Folletos General General Depósito 27.08.2009 LF1   H860.8 F933n 6309-20 25.06.2020 25.06.2020 Préstamo interno e.2

Con tecnología Koha